| 000 | 00353 a2200145 4500 | ||
|---|---|---|---|
| 001 | 8819 | ||
| 082 | _a620.0042 OPE | ||
| 090 |
_c7059 _d7059 |
||
| 100 | _aOppenheim Alan V with Hamid Nawab | ||
| 245 | _aSignals and systems, 2/e | ||
| 250 | _a2 | ||
| 260 |
_aUSA _bPrentice-Hall _c1983 |
||
| 300 | _axxx, 796 p. | ||
| 500 | _aBE textbook Avionics | ||
| 942 |
_aNUST-CAE _k620.0042 OPE |
||
| 999 |
_c243892 _d243892 |
||